|
|
|
|
| LEADER |
00951nam a2200217 4500 |
| 003 |
GR-PaULI |
| 005 |
20230411114709.0 |
| 008 |
200921r19711966enk|||||| |||1| |eng|c |
| 952 |
|
|
|0 0
|1 0
|2 ddc
|4 0
|6 301_000000000000000_BER
|7 0
|9 365181
|a PTDE
|b PTDE
|d 2022-10-13
|i 12543
|l 0
|o 301 BER
|p 025000212517
|r 2022-10-13 00:00:00
|t 1
|v 2022.00
|w 2022-10-13
|y BK15
|z Δωρεά Σ. Παντελή
|
| 999 |
|
|
|c 213454
|d 213454
|
| 020 |
|
|
|a 0140208410
|
| 040 |
|
|
|a GR-PaULI
|b gre
|c GR-PaULI
|e AACR2
|
| 082 |
0 |
4 |
|2 23
|a 301
|
| 100 |
1 |
|
|a Berger, Peter L.,
|9 180025
|d 1929-2017
|e συγγραφέας
|
| 245 |
1 |
0 |
|a Invitation to sociology:
|b a humanistic perspective /
|c Peter L. Berger.
|
| 260 |
|
|
|a Harmondsworth :
|b Penguin books,
|c 1966 [reprinted 1971].
|
| 300 |
|
|
|a 218 σ. ;
|c 18 εκ.
|
| 504 |
|
|
|a Περιέχει βιβλιογραφικές παραπομπές και ευρετήριο.
|
| 650 |
|
4 |
|9 76
|a Κοινωνιολογία
|
| 942 |
|
|
|2 ddc
|c BK15
|
| 998 |
|
|
|c ΤΣΕΝΕ
|d 2022-10
|